000 00793nas a2200289 4500
001 BR0003924
003 BR-BrBNA
005 20231205101956.0
007 ta
008 230509b bl.|||p| |||| 00| 00por d
040 _aBR-BrBNA
_bpor
_cBiblioteca Nacional de Agricultura
041 _a(Pt)
072 _aP33
100 1 _aSchoffel, E.R.
100 1 _aSaccol, A.V.
100 1 _aAude, M.I. da S.
100 1 _aVolpe, C.A.
245 1 _aEfeitos do excesso hidrico sobre plantas de trigo
650 _aTrigo
650 _aAgua do Solo
650 _aGenotipo
650 _aTratamento
650 _aRio Grande do Sul
773 0 _tEcossistema (Brazil)
_xISSN 0100-4107
_g(Dec 1999), v. 24 p. 93-97
_wBR0003924
909 _a202311
_bLúcia
_c55
_dLúcia Elande
942 _2AGRIS
_n0
_cANA
999 _c165048
_d165048